[Event "ch-SCO"]
[Site "Hamilton SCO"]
[Date "2010.07.15"]
[Round "7"]
[White "Greet,A"]
[Black "Groetz,H"]
[Result "1/2-1/2"]
[WhiteElo "2451"]
[BlackElo "2315"]
[EventDate "2010.07.11"]

1. d4 Nf6 2. Nf3 g6 3. c4 Bg7 4. g3 O-O 5. Bg2 d6 6. Nc3 c6 7. O-O Bf5 8.
Ne1 Na6 9. e4 Bg4 10. f3 Bd7 11. Be3 c5 12. Nc2 cxd4 13. Nxd4 Qc8 14. Nd5
Re8 15. Rf2 Qxc4 16. Bf1 Qa4 17. Qxa4 Bxa4 18. Nc3 Bd7 19. Ndb5 Rf8 20.
Nxa7 Nc5 21. Nab5 Rfc8 22. Rd1 Na4 23. Bd4 Nxc3 24. Nxc3 Be6 25. b3 Ng4 26.
Rc2 Bxd4+ 27. Rxd4 Ne3 28. Rc1 Nxf1 29. Kxf1 Rc7 30. Ke1 f5 31. Kd2 fxe4
32. Rxe4 Bf5 33. Rb4 Rac8 34. g4 Bd7 35. Ne2 1/2-1/2

[Event "ch-SCO"]
[Site "Hamilton SCO"]
[Date "2010.07.15"]
[Round "7"]
[White "Shaw,J"]
[Black "Berry,N"]
[Result "1/2-1/2"]
[WhiteElo "2445"]
[BlackElo "2343"]
[EventDate "2010.07.11"]

1. e4 e6 2. d4 d5 3. Nd2 c5 4. exd5 Qxd5 5. Ngf3 cxd4 6. Bc4 Qd6 7. O-O Nf6
8. Nb3 Nc6 9. Nbxd4 Nxd4 10. Nxd4 Bd7 11. c3 Qc7 12. Qe2 O-O-O 13. Nb5 Bxb5
14. Bxb5 h5 15. Be3 Ng4 16. Qc4 Nxe3 17. Qxc7+ Kxc7 18. fxe3 f6 19. Rad1
Bc5 20. Kf2 Rxd1 21. Rxd1 Rd8 22. Rxd8 Kxd8 23. Ke2 Bd6 24. h3 g5 25. g4
hxg4 26. hxg4 f5 27. gxf5 exf5 28. Bd3 f4 29. exf4 Bxf4 30. Be4 Kc7 31. Bf3
1/2-1/2

[Event "ch-SCO"]
[Site "Hamilton SCO"]
[Date "2010.07.15"]
[Round "7"]
[White "Patrick,DI"]
[Black "Hecht,HJ"]
[Result "0-1"]
[WhiteElo "2244"]
[BlackElo "2374"]
[EventDate "2010.07.11"]

1. e4 e6 2. d4 d5 3. Nc3 Nc6 4. e5 Bd7 5. Nf3 Qe7 6. Be2 f6 7. O-O O-O-O 8.
a3 Nh6 9. b4 Nf7 10. b5 Ncxe5 11. dxe5 fxe5 12. Re1 g5 13. Bb2 Bg7 14. Na4
g4 15. Nd2 h5 16. Nb3 b6 17. Qd2 Kb8 18. Bf1 Rhg8 19. Kh1 h4 20. Qb4 Qf6
21. Qxg4 Qxf2 22. Qf3 Qxf3 23. gxf3 Ng5 24. Nd2 Rdf8 25. Bxe5 Nxf3 26. Nxf3
Rxf3 27. Nb2 Rxf1+ 28. Rxf1 Bxe5 29. Rab1 Bxb5 30. Nd3 Bxd3 31. cxd3 Bd6
32. a4 Rg4 33. a5 Kb7 34. Rf6 e5 35. axb6 axb6 36. Rf5 Rd4 37. Rb3 Ra4 38.
Kg2 Kc6 39. Kh3 Ra2 40. Kxh4 Rxh2+ 41. Kg4 Kc5 42. Rf3 b5 43. Kf5 b4 44.
Ke6 Rh6+ 45. Kd7 Rh7+ 46. Ke6 Re7+ 47. Kf6 e4 48. Re3 Kd4 49. dxe4 Rxe4 50.
Red3+ Kc4 51. Kf5 Re2 52. Rf3 Be5 53. Rbd3 Bc3 54. Kg4 d4 55. Rd1 b3 56.
Rf7 c5 57. Kf3 Re1 58. Rxe1 Bxe1 59. Ke2 b2 0-1

[Event "ch-SCO"]
[Site "Hamilton SCO"]
[Date "2010.07.15"]
[Round "7"]
[White "McNab,C"]
[Black "Ferry,E"]
[Result "1-0"]
[WhiteElo "2463"]
[BlackElo "2002"]
[EventDate "2010.07.11"]

1. Nf3 Nf6 2. c4 e6 3. g3 a6 4. Bg2 b5 5. b3 Bb7 6. O-O Be7 7. Bb2 c5 8.
Nc3 b4 9. Na4 d6 10. d4 Nbd7 11. a3 a5 12. dxc5 dxc5 13. axb4 axb4 14. Qd2
O-O 15. Rfd1 Qc7 16. Qf4 Qxf4 17. gxf4 Bc6 18. Ne5 Nxe5 19. fxe5 Ne4 20. f3
Bxa4 21. bxa4 Nc3 22. Bxc3 bxc3 23. f4 Ra7 24. Rdc1 Rb8 25. Rxc3 Rb6 26.
Be4 Rba6 27. Bc2 Bd8 28. Rb3 Kf8 29. Kg2 g6 30. Rb5 Ra5 31. Rab1 Ke7 32.
Kf3 Bc7 33. Rd1 R7a6 34. e3 Ra7 35. h3 R7a6 36. Rd3 Ra8 37. Ke2 R8a6 38.
Kd2 Ra7 39. Kc3 f6 40. exf6+ Kxf6 41. Kb2 Ke7 42. Ka3 Bd6 43. Rxa5 Rxa5 44.
Rb3 Ra7 45. Rb5 Bc7 46. Be4 Kd7 47. Rb1 Ba5 48. h4 Kd6 49. h5 Bb4+ 50. Kb3
gxh5 51. Rd1+ Ke7 52. Rh1 Kf6 53. Rxh5 Rg7 54. Kc2 Rg3 55. Rh6+ Kf7 56.
Rxh7+ Kf6 57. Kd3 Rg1 58. Rh6+ Ke7 59. Rh1 Rg8 60. Rh7+ Kf6 61. Rh6+ Ke7
62. Rxe6+ Kf7 63. Ra6 Rg1 64. Bd5+ Ke7 65. f5 Rd1+ 66. Ke4 Re1 67. f6+ Ke8
68. f7+ 1-0

[Event "ch-SCO"]
[Site "Hamilton SCO"]
[Date "2010.07.15"]
[Round "7"]
[White "Sreeves,C"]
[Black "McClement,A"]
[Result "0-1"]
[WhiteElo "2085"]
[BlackElo "2022"]
[EventDate "2010.07.11"]

1. e4 c5 2. Nf3 d6 3. d4 cxd4 4. Nxd4 Nf6 5. Nc3 e6 6. Be3 a6 7. f3 b5 8.
g4 Nfd7 9. Qd2 Nb6 10. O-O-O N8d7 11. Qf2 Bb7 12. Bd3 Rc8 13. Nce2 d5 14.
Kb1 Nc4 15. exd5 Bxd5 16. Nf4 Nde5 17. Nxd5 Qxd5 18. Be4 Qc5 19. Bc1 Be7
20. Qe2 Nd7 21. g5 Bxg5 22. Bxg5 Qxg5 23. Bc6 Rc7 24. Rhe1 Qf6 25. c3 O-O
26. Nxe6 Rxc6 27. Nxf8 Nxf8 28. Qe8 Re6 29. Rxe6 Qxe6 30. Qa8 Qe2 0-1

[Event "ch-SCO"]
[Site "Hamilton SCO"]
[Date "2010.07.15"]
[Round "7"]
[White "Hilton,S"]
[Black "Malhotra,Tarun"]
[Result "1/2-1/2"]
[WhiteElo "1901"]
[BlackElo "1838"]
[EventDate "2010.07.11"]

1. d4 Nf6 2. c4 g6 3. Nc3 Bg7 4. e4 d6 5. Nge2 O-O 6. Ng3 e5 7. d5 c6 8.
Be2 cxd5 9. cxd5 a5 10. O-O Na6 11. Be3 Nc5 12. Qd2 Bd7 13. Bh6 Rb8 14. f3
b5 15. Nd1 Qb6 16. Be3 Rfc8 17. Nf2 Qb7 18. Rfc1 Ra8 19. Nd3 Ne8 20. Nxc5
dxc5 21. Rxc5 Bf8 22. Rxc8 1/2-1/2

[Event "ch-SCO"]
[Site "Hamilton SCO"]
[Date "2010.07.15"]
[Round "7"]
[White "Oswald,D"]
[Black "Brown,Al"]
[Result "1-0"]
[WhiteElo "1990"]
[BlackElo "2106"]
[EventDate "2010.07.11"]

1. e4 c5 2. Nf3 d6 3. d4 cxd4 4. Nxd4 Nf6 5. Nc3 a6 6. Bg5 e5 7. Nb3 Be6 8.
Bxf6 Qxf6 9. Nd5 Bxd5 10. Qxd5 Nc6 11. c3 g6 12. a4 Qe6 13. Bc4 Qxd5 14.
Bxd5 f6 15. Nd2 O-O-O 16. Nc4 Bh6 17. a5 Rhf8 18. Rd1 Kc7 19. b4 f5 20. Nb6
fxe4 21. Bxe4 Ne7 22. g3 Rf6 23. O-O Rdf8 24. Rd3 R6f7 25. f3 Rd8 26. Rfd1
Bf8 27. Nc4 Nc6 28. Bxc6 bxc6 29. Nxe5 Rf5 30. Nc4 h5 31. Kg2 g5 32. Re1 d5
33. Na3 c5 34. Nc2 Kc6 35. Re6+ Kb5 36. Ne3 cxb4 37. Nxf5 Kc4 38. Rd4+ Kxc3
39. Rc6+ Kb2 40. Rd2+ Ka3 41. Rd3+ Ka4 42. Rxa6 b3 43. Rb6 1-0

[Event "ch-SCO"]
[Site "Hamilton SCO"]
[Date "2010.07.16"]
[Round "8"]
[White "Greet,A"]
[Black "McNab,C"]
[Result "1-0"]
[WhiteElo "2451"]
[BlackElo "2463"]
[EventDate "2010.07.11"]

1. d4 d6 2. Nf3 g6 3. g3 Bg7 4. Bg2 Nd7 5. c4 e5 6. Nc3 Ne7 7. O-O O-O 8.
e4 exd4 9. Nxd4 Nc6 10. Nde2 a5 11. Rb1 Nde5 12. b3 f5 13. f4 Ng4 14. h3
Nf6 15. Bb2 Re8 16. e5 dxe5 17. Qxd8 Nxd8 18. Nb5 Re7 19. Bxe5 Ne8 20. Bxg7
Kxg7 21. Rfe1 Bd7 22. Nec3 Rxe1+ 23. Rxe1 Kf8 24. Na4 Ra6 25. Nc5 Bxb5 26.
cxb5 Rd6 27. Bxb7 Nxb7 28. Nxb7 Rd3 29. g4 fxg4 30. hxg4 Rg3+ 31. Kf2 Rxg4
32. Kf3 Rh4 33. Nxa5 Nd6 34. a4 Rh3+ 35. Kg2 Rc3 36. Re6 Rc2+ 37. Kf1 Nf5
38. Nc6 Ra2 39. a5 Kf7 40. Nd8+ Kf8 41. b6 cxb6 42. axb6 Rb2 43. b7 Rxb3
44. Ra6 1-0

[Event "ch-SCO"]
[Site "Hamilton SCO"]
[Date "2010.07.16"]
[Round "8"]
[White "Hecht,HJ"]
[Black "Berry,N"]
[Result "0-1"]
[WhiteElo "2374"]
[BlackElo "2343"]
[EventDate "2010.07.11"]

1. d4 Nf6 2. c4 e6 3. Nc3 Bb4 4. e3 b6 5. Nge2 c5 6. a3 Ba5 7. Rb1 Na6 8.
Bd2 O-O 9. Ng3 Bb7 10. Qa4 cxd4 11. exd4 Bxc3 12. bxc3 Ne4 13. Nxe4 Bxe4
14. Rc1 Nc7 15. f3 Bc6 16. Qc2 Qh4+ 17. g3 Qh5 18. Bg2 Bxf3 19. Bf4 e5 20.
dxe5 f6 21. O-O Bxg2 22. Qxg2 fxe5 23. g4 Qe8 24. Bg3 Qe6 25. Rfe1 d6 26.
Rcd1 Qxc4 0-1

[Event "ch-SCO"]
[Site "Hamilton SCO"]
[Date "2010.07.16"]
[Round "8"]
[White "Groetz,H"]
[Black "Shaw,J"]
[Result "0-1"]
[WhiteElo "2315"]
[BlackElo "2445"]
[EventDate "2010.07.11"]

1. e4 d6 2. d4 Nf6 3. f3 Nbd7 4. Be3 e5 5. Ne2 c6 6. Nbc3 Be7 7. Qd2 O-O 8.
g4 b5 9. g5 Ne8 10. h4 b4 11. Nd1 d5 12. exd5 cxd5 13. f4 exf4 14. Nxf4 Nb6
15. b3 Bf5 16. Bd3 Nd6 17. Nf2 a5 18. Bxf5 Nxf5 19. O-O-O a4 20. Kb1 Qc7
21. g6 axb3 22. gxh7+ Kh8 23. cxb3 Nxe3 24. Qxe3 Rxa2 25. Rd2 Ra3 26. N2d3
Qc3 0-1

[Event "ch-SCO"]
[Site "Hamilton SCO"]
[Date "2010.07.16"]
[Round "8"]
[White "McClement,A"]
[Black "Green,An"]
[Result "1/2-1/2"]
[WhiteElo "2022"]
[BlackElo "2172"]
[EventDate "2010.07.11"]

1. c4 c5 2. Nc3 Nc6 3. g3 g6 4. Bg2 Bg7 5. Nf3 e5 6. O-O d6 7. d3 Nge7 8.
a3 O-O 9. Rb1 a5 10. Ne1 Be6 11. Nc2 d5 12. cxd5 Nxd5 13. Nxd5 Bxd5 14.
Bxd5 Qxd5 15. b4 cxb4 16. axb4 axb4 17. Nxb4 Nxb4 18. Rxb4 Ra2 1/2-1/2

[Event "ch-SCO"]
[Site "Hamilton SCO"]
[Date "2010.07.16"]
[Round "8"]
[White "Oswald,D"]
[Black "Sreeves,C"]
[Result "0-1"]
[WhiteElo "1990"]
[BlackElo "2085"]
[EventDate "2010.07.11"]

1. e4 c5 2. Nf3 d6 3. d4 cxd4 4. Nxd4 Nf6 5. Nc3 g6 6. Be3 Bg7 7. f3 Nc6 8.
Qd2 O-O 9. Bc4 Bd7 10. g4 Rc8 11. Bb3 Ne5 12. h4 b5 13. h5 b4 14. Nce2 Nc4
15. Bxc4 Rxc4 16. O-O-O Qc7 17. Kb1 Rc8 18. Rc1 e5 19. Nb3 Be6 20. hxg6
fxg6 21. Ng3 a5 22. g5 Nd7 23. Qh2 Nf8 24. Qf2 Rc6 25. f4 exf4 26. Bxf4 a4
27. Nd4 Bf7 28. Nxc6 Qxc6 29. Qd2 Ne6 30. Be3 Qb5 31. Qd5 Nc5 32. Qd2 Bxb2
33. Kxb2 a3+ 34. Ka1 Qc4 35. c3 b3 36. Rb1 b2+ 37. Rxb2 axb2+ 38. Qxb2 Ra8
39. Rh2 Nd3 40. Qc2 Rxa2+ 41. Qxa2 Qxc3+ 42. Kb1 Qe1+ 43. Kc2 Nb4+ 44. Kb2
Nxa2 45. Bd4 Qc1+ 0-1

[Event "ch-SCO"]
[Site "Hamilton SCO"]
[Date "2010.07.16"]
[Round "8"]
[White "Schmerwitz,R"]
[Black "Patrick,DI"]
[Result "1-0"]
[WhiteElo "1892"]
[BlackElo "2244"]
[EventDate "2010.07.11"]

1. e4 g6 2. d4 Bg7 3. Nc3 d6 4. Be3 c6 5. f4 Qb6 6. Rb1 e5 7. Nf3 Bg4 8.
fxe5 dxe5 9. Bc4 Nd7 10. Bxf7+ Ke7 11. Bxg8 Rhxg8 12. Bg5+ Ke8 13. d5 h6
14. Bh4 Bf8 15. Bf2 Bc5 16. Qe2 Rf8 17. O-O Nf6 18. dxc6 bxc6 19. Bxc5
Qxc5+ 20. Kh1 Nh5 21. Qf2 Qxf2 22. Rxf2 Rd8 23. Rd1 Rxd1+ 24. Nxd1 Ke7 25.
Kg1 Nf4 26. Nxe5 Bxd1 27. Rxf4 Rxf4 28. Nxg6+ Kf6 29. Nxf4 Bxc2 30. g3 Ke5
31. Kf2 Kxe4 32. Ke2 Bb1 33. a3 Ba2 34. Ng6 Bf7 35. Ne7 Be8 36. Ng8 Kd4 37.
Nxh6 Kc4 38. Kd2 Kb3 39. Kc1 c5 40. Nf5 c4 41. Nd4+ Ka4 42. Kc2 1-0

[Event "ch-SCO"]
[Site "Hamilton SCO"]
[Date "2010.07.16"]
[Round "8"]
[White "Ferry,E"]
[Black "Thomson,Neil"]
[Result "1-0"]
[WhiteElo "2002"]
[BlackElo "1968"]
[EventDate "2010.07.11"]

1. e4 c5 2. Nf3 d6 3. d4 cxd4 4. Qxd4 a6 5. c4 Nc6 6. Qd2 Nf6 7. Nc3 g6 8.
b3 Bg7 9. Bb2 O-O 10. Be2 Qa5 11. Nd5 Qxd2+ 12. Nxd2 Nxd5 13. Bxg7 Kxg7 14.
cxd5 Nd4 15. Bd3 f5 16. O-O fxe4 17. Nxe4 Bf5 18. Rfe1 e6 19. dxe6 Nxe6 20.
Nxd6 Bxd3 21. Rxe6 b5 22. Rd1 Bc2 23. Rc1 Bd3 24. Rc7+ Kh6 25. Ree7 g5 26.
Nf7+ Kh5 27. Ne5 1-0

[Event "ch-SCO"]
[Site "Hamilton SCO"]
[Date "2010.07.16"]
[Round "8"]
[White "Brown,Al"]
[Black "Giulian,R"]
[Result "0-1"]
[WhiteElo "2106"]
[BlackElo "1989"]
[EventDate "2010.07.11"]

1. d4 e6 2. Nf3 Nf6 3. e3 b6 4. Bd3 Bb7 5. Nbd2 c5 6. O-O Be7 7. c3 O-O 8.
e4 d6 9. Qe2 cxd4 10. cxd4 Nc6 11. Nb3 Nb4 12. Re1 Nxd3 13. Qxd3 Rc8 14.
Bg5 h6 15. Bh4 Qd7 16. Rad1 Qa4 17. Bxf6 Bxf6 18. Nfd2 Ba6 19. Qe3 Rc2 20.
e5 dxe5 21. dxe5 Be7 22. Qe4 Qxe4 23. Nxe4 Bb4 24. Re3 Rxb2 25. Nd6 Rxa2
26. h4 Rd8 27. Re4 Bxd6 28. Rxd6 Rc8 29. Rd7 Bb5 30. Rd6 Bc4 31. Nd2 Bd5
32. Rd4 Rcc2 33. Rd8+ Kh7 34. h5 Rxd2 35. Rf4 Rd1+ 36. Kh2 Bf3 0-1

[Event "ch-SCO"]
[Site "Hamilton SCO"]
[Date "2010.07.16"]
[Round "8"]
[White "McKerracher,D"]
[Black "Campbell,E"]
[Result "0-1"]
[WhiteElo "1966"]
[BlackElo "1915"]
[EventDate "2010.07.11"]

1. e4 d6 2. d4 Nf6 3. Nc3 g6 4. Be3 Bg7 5. Qd2 O-O 6. O-O-O c6 7. Kb1 b5 8.
f3 b4 9. Nce2 Qa5 10. Bh6 Be6 11. Nc1 Nbd7 12. h4 Rab8 13. Bxg7 Kxg7 14.
Nge2 Nb6 15. Ng3 Bc4 16. h5 Bxf1 17. hxg6 fxg6 18. Rdxf1 Na4 19. Nge2 Rb6
20. Nb3 Nc3+ 21. Nxc3 bxc3 22. Qxc3 Qxc3 23. bxc3 c5 24. Ka1 c4 25. Nd2 Rc8
26. Rb1 Rxb1+ 27. Rxb1 Rc7 28. Rb4 d5 29. exd5 Nxd5 30. Rxc4 Rxc4 31. Nxc4
Nxc3 32. Kb2 Ne2 33. c3 Nf4 34. Ne3 h5 35. Kb3 h4 36. Kb4 Nxg2 37. Ng4 Kf7
38. c4 Ke8 39. Kb5 Kd7 40. Ka6 Kc7 41. Kxa7 h3 42. Nf2 h2 43. Ka6 g5 44.
Kb5 Ne1 45. a4 Nxf3 46. d5 Nd4+ 47. Kb4 g4 48. Nh1 Nf5 49. a5 g3 0-1

[Event "ch-SCO"]
[Site "Hamilton SCO"]
[Date "2010.07.17"]
[Round "9"]
[White "Green,An"]
[Black "Greet,A"]
[Result "0-1"]
[WhiteElo "2172"]
[BlackElo "2451"]
[EventDate "2010.07.11"]

1. e4 e5 2. Nf3 Nc6 3. Bb5 a6 4. Ba4 Nf6 5. d3 d6 6. c4 g6 7. h3 Bg7 8. Nc3
O-O 9. O-O Nd7 10. Bg5 f6 11. Be3 f5 12. exf5 gxf5 13. Bg5 Bf6 14. Bh6 Re8
15. Qd2 Nc5 16. Bd1 Ne6 17. Nh2 f4 18. Bh5 Ned4 19. Nd5 Re6 20. Bg4 Bh8 21.
Bxe6+ Bxe6 22. Rae1 Qd7 23. g4 Bxd5 24. cxd5 Ne7 25. Bxf4 exf4 26. Qxf4 Rf8
27. Qe4 Rf7 28. f4 Qb5 29. Nf3 Nxf3+ 30. Rxf3 Qxb2 31. Qe6 Bc3 32. Re2 Bd4+
33. Kg2 Qb1 34. Rf1 Qb5 35. Re4 Qxd3 36. f5 Be5 37. Rf3 Qxe4 38. f6 Qxd5
39. Qd7 Ng6 0-1

[Event "ch-SCO"]
[Site "Hamilton SCO"]
[Date "2010.07.17"]
[Round "9"]
[White "Berry,N"]
[Black "Groetz,H"]
[Result "1/2-1/2"]
[WhiteElo "2343"]
[BlackElo "2315"]
[EventDate "2010.07.11"]

1. d4 d5 2. c4 c6 3. Nf3 Nf6 4. Nc3 a6 5. c5 Bf5 6. Bf4 e6 7. e3 Nbd7 8.
Nd2 Be7 9. Be2 h6 10. g4 Bg6 11. h4 h5 12. g5 Ne4 13. Ncxe4 Bxe4 14. Nxe4
dxe4 15. Qc2 e5 16. Bg3 exd4 17. exd4 Qa5+ 18. Qc3 Qxc3+ 19. bxc3 f6 20.
gxf6 Nxf6 21. Rb1 O-O-O 22. Rb3 g6 23. O-O Rh7 24. Rfb1 Bf8 25. Bc4 Nd5 26.
Bxa6 Rdd7 27. Bf1 Rdf7 28. Bh3+ Kd8 29. Be6 Rf6 30. Bxd5 cxd5 31. Rxb7 Rxb7
32. Rxb7 Bh6 33. Bd6 Bd2 34. Be7+ Kc8 35. Bxf6 Kxb7 36. Kf1 Bxc3 37. Ke2
Kc6 38. f3 exf3+ 39. Kxf3 Bd2 40. Ke2 Ba5 41. Be5 Bd8 42. Bg3 Bf6 43. Kd3
Bd8 44. a4 Ba5 45. Ke3 Bd8 46. Be1 Bf6 47. Bf2 Bd8 48. Kf3 Be7 49. Be1 Bf6
50. Kf4 Bxd4 51. Kg5 Bxc5 52. Kxg6 Be7 53. Kxh5 Bxh4 1/2-1/2

[Event "ch-SCO"]
[Site "Hamilton SCO"]
[Date "2010.07.17"]
[Round "9"]
[White "Sreeves,C"]
[Black "Hecht,HJ"]
[Result "1/2-1/2"]
[WhiteElo "2085"]
[BlackElo "2374"]
[EventDate "2010.07.11"]

1. e4 e5 2. Nf3 Nc6 3. Bb5 Nf6 4. O-O Bc5 5. Nxe5 Nxe5 6. d4 a6 7. Ba4 Nxe4
8. Qe2 Be7 9. Qxe4 Ng6 10. c4 O-O 11. Nc3 c6 12. Bc2 b5 13. c5 d5 14. Qd3
Re8 15. Re1 Nf8 16. Bf4 g6 17. Qd2 Ne6 18. Be5 Bf8 19. Re2 Bd7 20. Rae1 Qh4
21. Nd1 f6 22. g3 Qg4 23. Bxf6 Qf3 24. Be5 Ng7 25. Qf4 Qxf4 26. Bxf4 Rxe2
27. Rxe2 Bf5 28. Ne3 Bh3 29. Be5 Ne6 30. f3 Re8 31. Kf2 Bg7 32. Bxg7 Kxg7
33. Rd2 h5 34. Bd1 Kf6 35. Nc2 a5 36. Re2 Bf5 37. Rd2 g5 38. Ne3 Bg6 39.
Bc2 Bxc2 40. Nxc2 b4 41. Rd3 Rh8 42. Ne3 a4 43. Nc2 Rb8 44. Ke3 Rb7 45. b3
a3 46. Rd1 Ng7 47. Kd3 Ne6 48. Re1 Rb8 49. Re2 Rb7 50. Rf2 Rb8 51. Ne3 Rg8
52. Ng2 Nc7 53. Ne3 Ne6 54. Nc2 Rb8 55. Rf1 Rb7 56. Rh1 Ng7 57. Ne3 Re7 58.
h4 gxh4 59. Rxh4 Kg6 60. f4 Rxe3+ 61. Kxe3 Nf5+ 62. Kf2 Nxh4 63. gxh4 Kf5
64. Kf3 Kf6 1/2-1/2

[Event "ch-SCO"]
[Site "Hamilton SCO"]
[Date "2010.07.17"]
[Round "9"]
[White "McNab,C"]
[Black "Schmerwitz,R"]
[Result "1-0"]
[WhiteElo "2463"]
[BlackElo "1892"]
[EventDate "2010.07.11"]

1. c4 e5 2. Nc3 Nf6 3. Nf3 Nc6 4. a3 a5 5. e4 Bc5 6. Nxe5 Nxe5 7. d4 Bxd4
8. Qxd4 Nc6 9. Qd1 h6 10. Be2 d6 11. Be3 b6 12. f3 O-O 13. O-O Nh7 14. Qd2
Be6 15. f4 Kh8 16. f5 Bd7 17. Nd5 Nf6 18. Bxh6 gxh6 19. Qxh6+ Nh7 20. Rf4
Qg5 21. Qxg5 Nxg5 22. Rh4+ Kg7 23. f6+ Kg8 24. Bg4 Be6 25. Bf5 Bxd5 26.
cxd5 Ne5 27. Rh5 1-0

[Event "ch-SCO"]
[Site "Hamilton SCO"]
[Date "2010.07.17"]
[Round "9"]
[White "Giulian,R"]
[Black "Ferry,E"]
[Result "0-1"]
[WhiteElo "1989"]
[BlackElo "2002"]
[EventDate "2010.07.11"]

1. e4 c5 2. c3 Qa5 3. Nf3 Nc6 4. Na3 e6 5. Nc4 Qc7 6. d4 d5 7. exd5 exd5 8.
Ne3 Nf6 9. dxc5 Bxc5 10. Nxd5 Nxd5 11. Qxd5 Qb6 12. Qe4+ Be6 13. Qc2 O-O-O
14. b4 Bxf2+ 15. Qxf2 Rd1+ 16. Ke2 Bc4+ 17. Kxd1 Qxf2 18. Bxc4 Qxg2 19. Rf1
Rd8+ 20. Bd2 Ne5 21. Be2 Nxf3 22. Rxf3 Qh1+ 23. Rf1 Qd5 24. Bg4+ Kb8 25.
Kc2 Qxd2+ 26. Kb3 Qd5+ 27. Ka3 Qc4 28. h3 Qxc3+ 29. Ka4 Qc2+ 0-1

[Event "ch-SCO"]
[Site "Hamilton SCO"]
[Date "2010.07.17"]
[Round "9"]
[White "Campbell,E"]
[Black "Oswald,D"]
[Result "0-1"]
[WhiteElo "1915"]
[BlackElo "1990"]
[EventDate "2010.07.11"]

1. Nf3 d6 2. d4 f5 3. g3 Nf6 4. Bg2 e6 5. b3 Be7 6. O-O O-O 7. Bb2 Qe8 8.
Nbd2 Qh5 9. e3 Nc6 10. Ne1 Qg6 11. Nd3 Bd7 12. Qe2 Rae8 13. c4 Bd8 14. f4
Ne4 15. Nf2 Nxf2 16. Rxf2 Bf6 17. Nf3 e5 18. d5 Nd8 19. Qd2 h5 20. Kh1 Nf7
21. Nh4 Bxh4 22. gxh4 Qg4 23. Rf3 Qxh4 24. Rh3 Qf6 25. Bf3 g6 26. Rg1 Kh7
27. Bxh5 gxh5 28. Rxh5+ Nh6 29. Rhg5 Rg8 30. R1g3 Re7 31. Qg2 Reg7 32. h4
Qe7 33. fxe5 dxe5 34. Ba3 Qf7 35. Bb2 Rxg5 36. hxg5 Ng4 37. Rxg4 fxg4 38.
Qh2+ Kg6 39. Qh6+ Kf5 40. Bc1 e4 41. g6 Qf6 42. Qh5+ Qg5 43. Qh7 Qxg6 44.
Qxd7+ Kg5 45. Bb2 g3 46. Be5 0-1

[Event "ch-SCO"]
[Site "Hamilton SCO"]
[Date "2010.07.17"]
[Round "9"]
[White "Thomson,Neil"]
[Black "Malhotra,Tarun"]
[Result "0-1"]
[WhiteElo "1968"]
[BlackElo "1838"]
[EventDate "2010.07.11"]

1. e4 c5 2. Nf3 Nc6 3. d4 cxd4 4. Nxd4 Nf6 5. Nc3 e5 6. Ndb5 d6 7. Bg5 a6
8. Na3 b5 9. Bxf6 gxf6 10. Nd5 f5 11. c3 Bg7 12. exf5 Bxf5 13. Nc2 O-O 14.
Nce3 Be6 15. Bd3 f5 16. O-O Ra7 17. a4 b4 18. Nxb4 Nxb4 19. cxb4 d5 20. b5
e4 21. Be2 f4 22. Nc2 f3 23. Bxf3 exf3 24. Re1 Qg5 25. g3 Qg4 26. Re3 d4
27. Rd3 Bc4 28. Rd2 Qh3 29. Ne1 Qf1+ 0-1

[Event "ch-SCO"]
[Site "Hamilton SCO"]
[Date "2010.07.17"]
[Round "9"]
[White "Patrick,DI"]
[Black "McKerracher,D"]
[Result "1-0"]
[WhiteElo "2244"]
[BlackElo "1966"]
[EventDate "2010.07.11"]

1. e4 d5 2. exd5 Qxd5 3. Nc3 Qa5 4. d4 Nf6 5. Bc4 Bg4 6. Nge2 e6 7. h3 Bh5
8. O-O c6 9. g4 Bg6 10. Nf4 Be7 11. Qe2 O-O 12. Bd2 Qd8 13. g5 Nd5 14. Nxg6
hxg6 15. Ne4 b5 16. Bb3 Qc7 17. f4 Nd7 18. c3 Bd6 19. Nxd6 Qxd6 20. Rae1
N7b6 21. h4 Ne7 22. h5 gxh5 23. Qxh5 g6 24. Qh2 Kg7 25. Qh6+ Kg8 26. Re5
1-0